000 00261nam a22001217a 4500
008 181018b xxu||||| |||| 00| 0 eng d
041 _aeng
080 _a701
100 _a45
101 _aART
245 _aThe World of Van Gogh
_cWallace, R
942 _2udc
_cBK
999 _c50134
_d50134